000 00364nam a2200145Ia 4500
005 20260328101440.0
008 260328s9999||||xx |||||||||||||| ||und||
100 _aWittkower, Rudolf
245 0 _aArt and Architecture in Italy 1600-1750 /
_cRudolf Wittkower
250 _a3a ed.
260 _bPenguin
300 _a664 p.
650 _aARQUITECTURA
942 _cBK
999 _c8238
_d8238